BIBLIOTECA PODER JUDICIAL
Portal Judicial TDF

El acceso a la educación universitaria de las personas con discapacidad : (Registro nro. 6288)

000 -LEADER
fixed length control field 01160nabaa22002297a 4500
003 - CONTROL NUMBER IDENTIFIER
control field OSt
005 - DATE AND TIME OF LATEST TRANSACTION
control field 20260129003028.0
008 - FIXED-LENGTH DATA ELEMENTS--GENERAL INFORMATION
fixed length control field 190701b xxu||||| |||| 00| 0 spa d
040 ## - CATALOGING SOURCE
Transcribing agency PJ
100 ## - MAIN ENTRY--PERSONAL NAME
9 (RLIN) 6980
Personal name Krikorian, Marcelo
245 13 - TITLE STATEMENT
Title El acceso a la educación universitaria de las personas con discapacidad :
Remainder of title obligaciones estatales correlativas. Valiosos aportes del Comité sobre los Derechos de las Personas con Discapacidad de la ONU /
Statement of responsibility, etc Marcelo Krikorian
300 ## - PHYSICAL DESCRIPTION
Extent p. 80-95
500 ## - GENERAL NOTE
General note Cita: TR LALEY AR/DOC/435/2025
505 ## - FORMATTED CONTENTS NOTE
Formatted contents note Sumario: I. Presentación del tema.— II. Derecho a la educación en la convención y en Observaciones Generales del comité.— III. El caso "García Vara v. México".— IV. Reflexiones finales.
505 ## - FORMATTED CONTENTS NOTE
Title ¿Te interesa el texto completo? Comunicate al correo: koha@justierradelfuego.gov.ar
650 #0 - SUBJECT ADDED ENTRY--TOPICAL TERM
9 (RLIN) 211
Topical term or geographic name as entry element DERECHO ADMINISTRATIVO
650 #0 - SUBJECT ADDED ENTRY--TOPICAL TERM
9 (RLIN) 3271
Topical term or geographic name as entry element PERSONAS CON DISCAPACIDAD
650 #0 - SUBJECT ADDED ENTRY--TOPICAL TERM
9 (RLIN) 4592
Topical term or geographic name as entry element EDUCACION
650 #0 - SUBJECT ADDED ENTRY--TOPICAL TERM
9 (RLIN) 4789
Topical term or geographic name as entry element UNIVERSIDADES
773 0# - HOST ITEM ENTRY
Host Biblionumber 2842
Host Itemnumber 3251
Place, publisher, and date of publication Buenos Aires : AbeledoPerrot, 2012-
Other item identifier DA121
Title Derecho administrativo. Nº 158 marzo/abril 2025
International Standard Book Number 18510590
942 ## - ADDED ENTRY ELEMENTS (KOHA)
Source of classification or shelving scheme
Koha item type Analítica Artículo de Revista

No hay ítems disponibles.

12 de Octubre 789 Ushuaia - Tel:  54(02901)441571
Horario de Atención: 8.00 a 17.00 hs. 
bibliotecaush@justierradelfuego.gov.ar
koha@justierradelfuego.gov.ar
Seguinos en nuestras redes @bibliojustdf 

Con tecnología Koha